000 00422pab a2200169 454500
008 180718b2001 xxu||||| |||| 00| 0 eng d
100 _aTalati, Jayesh
245 _aWomen's empowerment in Jhabua district, M.P.
260 _c2001
300 _ap.15-18
362 _aFeb
650 _aWomen - India - Madhya Pradesh
650 _aWomen
700 _aVenkatakrishnan, V.
773 _aSocial Welfare
909 _a47575
999 _c47575
_d47575